Primary and Secondary Metabolism of Plants and Cell Cultures III : Proceedings of the workshop held in Leiden, the Netherlands, 4-7 April 1993 /

Since 1984 and 1988, when meetings were held on the topic of primary and secondary metabolism of plant cell cultures, there has been a clear shift of the focus of ongoing research. While the cell culture itself and the production of secondary metabolites and the biosynthetic pathways and the activit...

Full description

Bibliographic Details
Main Author: Schripsema, J.
Corporate Author: SpringerLink (Online service)
Other Authors: Verpoorte, R.
Format: eBook
Language:English
Published: Dordrecht : Springer Netherlands, 1995.
Subjects:
Online Access:Connect to the full text of this electronic book

MARC

Tag First Indicator Second Indicator Subfields
LEADER 00000cam a2200000Ma 4500
001 in00003555950
006 m o d
007 cr nn|||||||||
008 121227s1995 ne o 000 0 eng d
005 20260420211905.9
020 |a 9789401102377 (electronic bk.) 
020 |a 9401102376 (electronic bk.) 
035 |a (OCoLC)840308397 
040 |a I9W  |b eng  |e pn  |c I9W  |d OCLCQ  |d GW5XE  |d OCLCF  |d UtOrBLW 
049 |a TXAM 
050 4 |a QK725 
082 0 4 |a 581.0724 
100 1 |a Schripsema, J. 
245 1 0 |a Primary and Secondary Metabolism of Plants and Cell Cultures III :  |b Proceedings of the workshop held in Leiden, the Netherlands, 4-7 April 1993 /  |c edited by J. Schripsema, R. Verpoorte. 
246 3 |a Proceedings of the Workshop 'Primary and Secondary Metabolism of Plants and Plant Cell Culture III', Leiden, the Netherlands, 4--7 April 1993 
264 1 |a Dordrecht :  |b Springer Netherlands,  |c 1995. 
300 |a 1 online resource (288 pages) 
336 |a text  |b txt  |2 rdacontent 
337 |a computer  |b c  |2 rdamedia 
338 |a online resource  |b cr  |2 rdacarrier 
520 |a Since 1984 and 1988, when meetings were held on the topic of primary and secondary metabolism of plant cell cultures, there has been a clear shift of the focus of ongoing research. While the cell culture itself and the production of secondary metabolites and the biosynthetic pathways and the activity of enzymes were major topics, now these aspects are linked with genes, i.e. molecular biology becomes more prominent. This state-of-the-art book has contributions on such subjects as fermentation, enzymology of secondary metabolism, catabolism of secondary metabolites, elicitation of pathways and genetic modification of metabolic pathways. It includes contributions on the most recent achievements in the research on among other things tropane and indole alkaloids, phenolics, (iso)flavonoids, terpenes and cardenolides. It is an excellent review of the progress made in the past years and a perspective on the future developments. <br/> 
500 |a Electronic resource. 
650 0 |a Life sciences. 
650 0 |a Biochemistry. 
650 0 |a Botany. 
650 0 |a Plant physiology. 
650 7 |a Biochemistry.  |2 fast  |0 (OCoLC)fst00831961 
650 7 |a Botany.  |2 fast  |0 (OCoLC)fst00836869 
650 7 |a Life sciences.  |2 fast  |0 (OCoLC)fst00998323 
650 7 |a Plant physiology.  |2 fast  |0 (OCoLC)fst01065616 
655 7 |a Electronic books.  |2 local 
700 1 |a Verpoorte, R. 
710 2 |a SpringerLink (Online service) 
856 4 0 |u http://proxy.library.tamu.edu/login?url=https://link.springer.com/10.1007/978-94-011-0237-7  |z Connect to the full text of this electronic book  |t 0 
994 |a 92  |b TXA 
999 |a MARS 
999 f f |s 26c9577b-f273-3dd4-aa02-5f5e2e7c5810  |i 58bb68d9-2882-3546-a31c-a94825ef0e80  |t 0 
952 f f |a Texas A&M University  |b College Station  |c Electronic Resources  |s www_evans  |d Available Online  |t 0  |e QK725  |h Library of Congress classification 
998 f f |a QK725  |t 0  |l Available Online